000 00685nam a2200181Ia 4500
003 LDD
008 190117s9999 xx 000 0 und d
020 _c₹125
040 _cLDD
041 _ahi
082 _a294ण्5925 पु 6413
100 _aपुराण
245 0 _aविष्णुपुराणम
_b श्रीधरस्वामीकृतात्मक प्रकाशाख्यव्याख्या भूषितम
_cपुराण
260 _aदिल्ली
_bपरिमल
_c1987
300 _aभाग 2
440 _aपरिमल संस्कृत ग्रन्थमाला सख्याँ;21
942 _2ddc
_cH
999 _c163575
_d163575